00357nam a2200145Ia 4500008004100000020001800041041000800059082002000067100001400087245003600101260002300137300000800160365001600168700002700184230718s9999 xx 000 0 und d a9788120344839 aeng a344.73'021bBHA aBhatia N. aCorporate And Compensation Laws c2012bPHI Learning a379 cRs.b350.00 aBhatia N. & Jyotsna S.